| 000 | 00361nam a2200133Ia 4500 | ||
|---|---|---|---|
| 008 | 240624s9999 xx 000 0 und d | ||
| 041 | _aeng | ||
| 082 | _a658.4 GLA | ||
| 100 | _aGLASER JUDITH E | ||
| 245 | _aDNA OF LEADERSHIP LEVERAGE YOUR INSTINCT | ||
| 260 |
_c2006 _aMassachusetts _bPlatinum Press |
||
| 300 | _axxiii, : 312 : p. : cm. ; 23 | ||
| 365 |
_c _b20 |
||
| 999 |
_c11729 _d11729 |
||